Italian olympic medals at the 2008 summer olympics - Statistics

General Stats
  • This quiz has been taken 9 times
  • The average score is 14 of 27
Answer Stats
Sport Event Answer % Correct
Athletics Men's 50km Walk Alex Schwarzer
100%
Boxing Men's Heavyweight Clemente Russo
100%
Swimming Women's 200m frFeestyle Federica Pellegrini
100%
Fencing Women's Team Foil Granbassi, Salvatori, Trillini, Vezzali
100%
Fencing Women's Individual Foil Margherita Granbassi
100%
Boxing Men's Super-Heavyweight Roberto Cammarelle
100%
Fencing Women's Individual Foil Valentina Vezzali
100%
Sailing Women's Sailboard Alessandra Sensini
67%
Swimming Women's 800m Freestyle Alessia Filippi
67%
Fencing Men's Team épée Carozzo, Confalonieri, Rota, Tagliariol
67%
Shooting Women's Skeet Chiara Cainero
67%
Archery Men's Team Di Buò, Galiazzo, Nespoli
67%
Canoeing Women's K-1 500m Josefa Idem
67%
Fencing Men's Individual épée Matteo Tagliariol
67%
Cycling Women's Road Race Tatiana Guderzo
67%
Athletics Women's 20km Walk Elisa Rigaudo
33%
Shooting Men's Trap Giovanni Pellielo
33%
Taekwondo Men's 80 kg Mauro Sarmiento
33%
Fencing Men's Team Sabre Montano, Occhiuzzi, Pastore, Tarantino
33%
Boxing Men's Flyweight Vincenzo Picardi
33%
Rowing Men's Quadruple Sculls Agamennoni, Galtarossa, Raineri, Venier
0%
Canoeing Men's K-2 1000m Andrea Facchin / Antonio Scaduto
0%
Wrestling Men's Greco-Roman 84 kg Andrea Minguzzi
0%
Sailing Men's Laser Class Diego Romero
0%
Shooting Men's Double Trap Francesco D'Aniello
0%
Judo Women's 57kg Giulio Quintavalle
0%
Fencing Men's Individual Foil Salvatore Sanzo
0%
No matching quizzes found
Score Distribution
Percent of People with Each Score
Percentile by Number Answered
Your Score History
You have not taken this quiz